[Советский роман]
Elmentve itt :
| Szerző: | |
|---|---|
| Dokumentumtípus: | Szakdolgozat |
| Tárgyszavak: | |
| Online Access: | http://diploma.bibl.u-szeged.hu/137902 |
| LEADER | 00568nta a2200169 i 4500 | ||
|---|---|---|---|
| 001 | dipl137902 | ||
| 005 | 20230804151738.0 | ||
| 008 | 230804suuuu hu om 0|| rus d | ||
| 040 | |a SZTE Diploma Repozitórium |b hun | ||
| 041 | |a rus | ||
| 100 | 1 | |a nincs megadva | |
| 245 | 1 | 0 | |a [Советский роман] |h [elektronikus dokumentum] / |c megadva nincs |
| 650 | 4 | |a Bölcsészettudományok | |
| 650 | 4 | |a Humanities | |
| 650 | 4 | |a Languages and Literature | |
| 700 | 1 | |a nincs megadva |e ths | |
| 856 | 4 | 0 | |u https://diploma.bibl.u-szeged.hu/id/eprint/137902/1/xxxx_xxxx.pdf |z Dokumentum-elérés |